000
00348nam a2200157Ia 4500
003
OSt
005
20240311121754.0
008
170523s9999 xx 000 0 und d
020
_a
978-0070516465
040
_c
iimtu meerut
100
_a
RAY- BRONSTEIN
245
0
_a
TEAMING UP
260
_b
TATA MC GRAW HILL
260
_c
1995
942
_2
ddc
_c
02
999
_c
1359
_d
1359